| 000 -ლიდერი |
| ფიქსირებული სიგრძის საკონტროლო ველი |
02204nam a2200337Ia 4500 |
| 001 - საკონტროლო ნომერი |
| საკონტროლო ველი |
2370 |
| 003 - საკონტროლო ნომრის იდენტიფიკატორი |
| საკონტროლო ველი |
GE_BSU |
| 005 - ბოლო ოპერაციის თარიღი და დრო |
| საკონტროლო ველი |
20190603155148.0 |
| 008 - ფიქსირებული სიგრძის მონაცემთა ელემენტები - ზოგადი ინფორმაცია |
| ფიქსირებული სიგრძის საკონტროლო ველი |
181216s2011||||ge |||||||||||||| ||geo|| |
| 020 ## - წიგნის საერთაშორისო სტანდარტული ნომერი |
| International Standard Book Number |
9789941104558 |
| 040 ## - კატალოგიზაციის წყარო |
| Transcribing agency |
GE_BSU |
| 041 ## - ენის კოდი |
| Language code of text/sound track or separate title |
geo |
| 080 ## - უნივერსალური ათობითი კლასიფიკაციის ინდექსი |
| Universal Decimal Classification number |
811.353.1(083) ს–30 |
| 245 ## - ცნობა სათაურის შესახებ |
| Title |
სასკოლო ორთოგრაფიული ლექსიკონი / |
| Statement of responsibility, etc |
არნ. ჩიქობავას სახ. ენათმეცნ. ინ-ტი, შოთა რუსთაველის ეროვნ. სამეცნ. ფონდი ; ავტ.-შემდგ.: შუქია აფრიდონიძე, იამზე გაგუა, თამარ ვაშაკიძე და სხვ. ; მთ. რედ. თამარ ვაშაკიძე ; მხატვ. სოფო ალავიძე. |
| 264 ## - წარმოების, გამოცემის, დისტრიბუციის და სხვა ცნობები |
| გამოცემის, წარმოების, დისტრიბუციის... ადგილი |
თბილისი : |
| გამოცემის, წარმოების, დისტრიბუციის... სახელწოდება |
მერიდიანი, |
| გამოცემის, წარმოების, დისტრიბუციის... თარიღი |
2011. |
| 300 ## - ფიზიკური აღწერა |
| Extent |
511 გვ. ; |
| Other physical details |
24 სმ. |
| 504 ## - BIBLIOGRAPHY, ETC. NOTE |
| Bibliography, etc |
დანართები: გვ. 481-511. - ბიბლიოგრ.: გვ. 512. |
| 653 ## - INDEX TERM--UNCONTROLLED |
| Uncontrolled term |
ორთოგრაფიული ლექსიკონი |
| 700 ## - ADDED ENTRY--PERSONAL NAME |
| Personal name |
აფრიდონიძე, შუქია |
| Relator term |
ავტორი |
| 9 (RLIN) |
1198 |
| 700 ## - ADDED ENTRY--PERSONAL NAME |
| Personal name |
გაგუა, იამზე |
| Relator term |
ავტორი |
| 9 (RLIN) |
1988 |
| 700 ## - ADDED ENTRY--PERSONAL NAME |
| Personal name |
ვაშაკიძე, თამარ |
| Relator term |
ავტორი |
| 9 (RLIN) |
1989 |
| 700 ## - ADDED ENTRY--PERSONAL NAME |
| Personal name |
მაღრაძე, ვახტანგ |
| Relator term |
ავტორი |
| 9 (RLIN) |
1990 |
| 700 ## - ADDED ENTRY--PERSONAL NAME |
| Personal name |
ღვინაძე, თინათინ |
| Relator term |
ავტორი |
| 9 (RLIN) |
1991 |
| 700 ## - ADDED ENTRY--PERSONAL NAME |
| Personal name |
ტეტელოშვილი, თეა |
| Relator term |
ავტორი |
| 9 (RLIN) |
1992 |
| 700 ## - ADDED ENTRY--PERSONAL NAME |
| Personal name |
ჯორბენაძე, ნინო |
| Relator term |
ავტორი |
| 9 (RLIN) |
1993 |
| 700 ## - ADDED ENTRY--PERSONAL NAME |
| Personal name |
ალავიძე, სოფო |
| Relator term |
მხატვარი |
| 9 (RLIN) |
1994 |
| 700 ## - ADDED ENTRY--PERSONAL NAME |
| Personal name |
ვაშაკიძე, თამარ |
| Relator term |
რედაქტორი |
| 9 (RLIN) |
1995 |
| 710 ## - ADDED ENTRY--CORPORATE NAME |
| Corporate name or jurisdiction name as entry element |
არნ. ჩიქობავას სახ. ენათმეცნ. ინ-ტი |
| 9 (RLIN) |
1996 |
| 710 ## - ADDED ENTRY--CORPORATE NAME |
| Corporate name or jurisdiction name as entry element |
შოთა რუსთაველის ეროვნ. სამეცნ. ფონდი |
| 9 (RLIN) |
1997 |
| 942 ## - ADDED ENTRY ELEMENTS (KOHA) |
| Koha item type |
წიგნი |
| Source of classification or shelving scheme |
|